L.A. Confidential (Registro nro. 63873)

Detalles MARC
000 -ENCABEZADO
Número de control [NR] 01816nam a2200277Ia 4500
008 - DE LONGITUD FIJA DE DATOS DE ELEMENTOS - INFORMACIÓN GENERAL
Elementos de longitud fija [NR] 130821s1997 xxua gs mul
040 ## - FUENTE DE CATALOGACION [NR]
Agencia de catalogación original [NR] Co-BoUCM
Idioma de catalogación [NR] spa
041 00 - CODIGO DE IDIOMA [R]
Código de idioma para texto/pista de sonido o título separado [R]
092 ## - SIGNATURA TOPOGRAFICA LOCAL
Número de clasificación local DVD 0528
245 10 - MENCION DE TITULO [NR]
Título [NR] L.A. Confidential
Mención de responsabilidad, etc. [NR] [DVD]
-- [dirigida por] Curtis Hanson
260 ## - PUBLICACION, DISTRIBUCION, ETC. (PIE DE IMPRENTA) [R]
Lugar de publicación, distribución, etc. [R] Washington D.C. (Estados Unidos)
Nombre del editor, distribuidor, etc. [R] Regency Enterprises
Fecha de publicación, distribución, etc. [R] 1997
300 ## - DESCRIPCION FISICA [R]
Extensión [R] 1 DVD (132 min. )
Otros detalles físicos [NR] son., color
500 ## - NOTA GENERAL [R]
Nota general [NR] SINOPSIS :En la sede de la policía de Los Ángeles, durante los años cincuenta, tres agentes se ven envueltos en una intriga criminal que destapa los trapos sucios del Departamento. Para recuperar el prestigio de que gozaba este cuerpo de seguridad, los tres mejores agentes se hacen cargo de la investigación del asesinato.
508 ## - NOTA DE CREDITOS DE CREACION/PRODUCCION [R]
Nota de créditos de creación/producción [NR] Director, Curtis Hanson; guión: Brian Helgeland, Curtis Hanson (Novela: James Ellroy), Música, Jerry Goldsmith; fotografía, Dante Spinotti.
511 ## - NOTA DE PARTICIPANTE O INTERPRETE [R]
Nota de participante o intérprete [NR] Kevin Spacey, Kim Basinger, Russell Crowe, Guy Pearce, Danny DeVito, James Cromwell, David Strathairn, Amber Smith, Paul Guilfoyle, Ron Rifkin, Matt McCoy, Jim Metzler, Graham Beckel, Simon Baker Denny, Tomas Arana.
546 ## - NOTA DE IDIOMA [R]
Nota de idioma [NR] Audio en Español, Inglés y Alemán. Subtítulos en Inglés, Alemán, Español, Sueco, Noruego, Danés, Finlandés, Portugués, Hebreo, Polaco, Griego, Checo, Turco, Húngaro, Islandés, Croata, Francés, Italiano.
650 04 - ASIENTO SECUNDARIO DE MATERIA - TERMINO TEMATICO [R]
Término temático o nombre geográfico como elemento de entrada [NR] Corrupción policial
Subdivisión de forma [R] DVD
9 (RLIN) 12029
650 04 - ASIENTO SECUNDARIO DE MATERIA - TERMINO TEMATICO [R]
Término temático o nombre geográfico como elemento de entrada [NR] Entretenimiento
9 (RLIN) 26487
650 04 - ASIENTO SECUNDARIO DE MATERIA - TERMINO TEMATICO [R]
Término temático o nombre geográfico como elemento de entrada [NR] Películas cinematográficas
Subdivisión geográfica [R] Estados Unidos
Subdivisión de forma [R] DVD
9 (RLIN) 7903
650 04 - ASIENTO SECUNDARIO DE MATERIA - TERMINO TEMATICO [R]
Término temático o nombre geográfico como elemento de entrada [NR] Periodismo
9 (RLIN) 7909
650 04 - ASIENTO SECUNDARIO DE MATERIA - TERMINO TEMATICO [R]
Término temático o nombre geográfico como elemento de entrada [NR] Periodistas en el cine
Subdivisión de forma [R] DVD
9 (RLIN) 21369
700 1# - ASIENTO SECUNDARIO - NOMBRE PERSONAL [R]
Nombre personal [NR] Hanson, Curtis
Fechas asociadas con el nombre [NR] 1945-
Término de relación [R]
710 2# - ASIENTO SECUNDARIO - NOMBRE CORPORATIVO [R]
Nombre corporativo o de jurisdicción como elemento de entrada [NR] Regency Enterprises
856 04 - LOCALIZACION Y ACCESO ELECTRONICOS [R]
Identificador Uniforme del Recurso (“URI”) [R] <a href="http://www.youtube.com/watch?v=C4XbnrmbEME">http://www.youtube.com/watch?v=C4XbnrmbEME</a>
Nota dirigida al público [R] Siga este vínculo para ver el trailer.
942 ## - ELEMENTOS DE ENTRADA AGREGADOS (KOHA)
Tipo de ítem principal el descrito en 300a Multimedia
Sistema de clasificación LOCAL
Tema principal Entretenimiento
Edición 1
Existencias
Fecha de último préstamo Código de barras Última vez visto Volúmen / Fascículo Ejemplar Price effective from Tipo de ítem Perdido Sistema de clasificación Dañado No prestable Tipo de ítem específico Suprimido Ubicación habitual Ubicación actual Localización Fecha de creación Forma de adquisición Costo Total préstamos Total Renewals
25/01/2018 100105260 10/12/2024 DVD 0528 Ej.3 03/02/2013 Multimedia   DEWEY     DVD   Claustro Claustro Colección digital 19/02/2013 Donación 26000.00 7 2
31/05/2013 100104644 10/12/2024 DVD 0528 Ej.4 03/02/2013 Multimedia   DEWEY     DVD   Claustro Claustro Colección digital 19/02/2013 Donación 26000.00 8  
07/05/2012 100102087 09/12/2025 DVD 0528 Ej.1 03/02/2013 Multimedia   LOCAL   Préstamo restringido DVD   Procesos Técnicos Procesos Técnicos (no para préstamo) Procesos Técnicos 19/02/2013 Compra 63201.00    
07/05/2012 100102088 09/12/2025 DVD 0528 Ej.2 03/02/2013 Multimedia   LOCAL   Préstamo restringido DVD   Procesos Técnicos Procesos Técnicos (no para préstamo) Procesos Técnicos 19/02/2013 Compra 63201.00